| 000 | 00821cab a2200217 4500 | ||
|---|---|---|---|
| 001 | WB2802-12 | ||
| 008 | 090401t1991 xxu||||| |||| 00| 0 eng d | ||
| 035 | _a(Sirsi) u796 | ||
| 041 | _aeng | ||
| 245 | _aOption to buy | ||
| 260 | _c1991 | ||
| 350 | _a0 | ||
| 490 |
_aTimes _v31 December 1991, 28(1) |
||
| 520 | _a"Farrage & others v N Wiltshire DC", CA 12 December 1991. North Wiltshire`s appeal was allowed in a case which decided that under the Local Government Act 1933, the grant of an option to purchase land could not be described as a sale, nor could the power to sell under s165 be considered to include the power to grant an option. | ||
| 650 | _aLOCAL GOVERNMENT ACT 1933 S165 | ||
| 650 | _aOPTION TO PURCHASE | ||
| 650 | _aVENDOR AND PURCHASER | ||
| 690 | _aLAND | ||
| 942 | _n0 | ||
| 948 | _c04/03/1997 | ||
| 999 |
_c432 _d432 |
||